000 00526cam a2200193ua 4500
001 5923
005 20260515113944.0
008 131026n ii |||gr||||Z||||||eng
020 _a978-93-80261-61-4
040 _cMAIN
082 _a930.1
100 1 _aSharma,Dhritiman,
_eAuthor.
245 1 1 _aGlimpses Of Northeast India :
_bArchaeology /
_cby Dhritiman Sharma .
260 _aGuwahati:
_bEBH Publishers,
_c2012.
300 _avii,157p.
653 _aHistory
653 _aGlimpses Of Northeast Archaeology
942 _cBK
999 _c5072
_d5072